000 00724 a2200205 4500
005 20080908110053.0
008 080908t xxu||||| |||| 00| 0 eng d
010 _aENG-87592
020 _c50.00
035 _aEN-71125
037 _bDBAD / PUB
082 _a230.45
100 _aNarada
245 _aSri Narada bhakti sutras
_ctranslated into english by Yati
260 _aNadia
_bSri Chaitanya Math
_cn.d.
270 _aSri Mayapur
_bNadia
_e741 313
300 _aiv, 222 p.
_c22 cm ( Hb.)
942 _adpl
_cEN
_k230.45/NAR
_2ddc
_h230.45
_mNAR
999 _c6736
_d6736